| 000 | 00981nam a22002057a 4500 | ||
|---|---|---|---|
| 003 | OSt | ||
| 005 | 20170425094342.0 | ||
| 008 | 150407b xxu||||| |||| 00| 0 eng d | ||
| 040 | _cCRI | ||
| 082 | _a370.154 | ||
| 100 |
_941100 _aAbarca Rodas, Gilma Xiomara |
||
| 245 | 1 | 0 |
_aPropuesta del diseño de una estrategia metodológica para desarrollar emprendedurismo en los jóvenes del técnico en gestión y desarrollo turístico UNICAES, Ilobasco _b: Investigación _cGilma Xiomara Abarca Rodas, Josefina Yamileth RIvera AMaya |
| 260 |
_aIlobasco (Cabañas) _bUniversidad Católica de El Salvador _c2012 |
||
| 300 |
_a63 p. _c27 cm _e+ 1 disco compacto |
||
| 502 | _aTrabajo de graduación para optar al grado académico de Maestro/a en asesoría educativa | ||
| 650 | 0 |
_99848 _aMotivación en educación |
|
| 700 |
_941101 _aRivera Amaya, Josefina Yamileth |
||
| 710 |
_940915 _aUniversidad Católica de El Salvador _bCentro Regional de Ilobasco |
||
| 942 |
_2ddc _cTG _hprozim |
||
| 999 |
_c27583 _d27583 |
||